00158nam a22000737a 4500082001400000100002500014245003400039250001100073 a297.03UPL aUniversity Of punjab aEncyclopedia of Islam In urdu aVOL 20